Ni vue ni connue : approche ethnographique de la culture bourgeoise

Αποθηκεύτηκε σε:
Λεπτομέρειες βιβλιογραφικής εγγραφής
Κύριος συγγραφέας: Le Wita, Beatrix
Συγγραφή απο Οργανισμό/Αρχή: Ministere de la Culture et de la Communication Mission du Patrimoine Ethnologique
Μορφή: Βιβλίο
Γλώσσα:French
Δημοσίευση: Paris : Maison des Sciences de l'Homme, c1988
Σειρά:Ethnologie de la France ; ; 9
Θέματα:
Ετικέτες: Προσθήκη ετικέτας
Δεν υπάρχουν, Καταχωρήστε ετικέτα πρώτοι!

MARC

LEADER 00000nam a2200000 i 4500
001 1/15497
008 980610s1988 fre d
020 |a 2-7351-0276-9 
035 |l 10019850 
040 |a GR-MY-UA  |b gre  |e aacr 
041 0 |a fre 
082 0 |a 305.550944 
100 1 |a Le Wita, Beatrix. 
245 1 0 |a Ni vue ni connue :  |b approche ethnographique de la culture bourgeoise /  |c Beatrix le Wita 
260 |a Paris :   |b Maison des Sciences de l'Homme,   |c c1988 
300 |a 200 p.  |b ill. 
490 1 |a Ethnologie de la France  |v ; 9  |x 0758-5888 
504 |a Bibliography: p. 189-195 
650 0 0 |a Middle class  |z France. 
710 2 |a Ministere de la Culture et de la Communication  |b Mission du Patrimoine Ethnologique. 
830 0 |a Ethnologie de la France ;  |v ; 9 
852 |a INST  |b LESVOS  |e 19980610  |h 305.550944 LEW  |p 005100014480  |q 005100014480  |t BK  |y 0 
901 |a BIBL-1998-2 
909 |a Λ  |b 044115 
922 |a 1ΔΩΡ  |b 199602